Tepelné čerpadlo jako součást ústředního vytápění : autoreferát k disertační práci /

Hlavní autor: Tymová, Petra, 1966-
Korporativní autor: Vysoká škola báňská - Technická univerzita Ostrava. Katedra prostředí staveb a TZB
Jazyk: Čeština
Vydáno: Ostrava : VŠB - Technická univerzita Ostrava, 2010
Vydání: 1. vyd.
Edice: Vědecké publikace Fakulty stavební Vysoké školy báňské - Technické univerzity Ostrava. Doktorské disertační, habilitační a inaugurační spisy,
Témata:
Fyzický popis: 41 s. : barev. il. ; 21 cm
Language note: Anglické resumé
Knihy
Uloženo v:
LEADER 02445nam a2200541 a 4500
001 nkc20102130170
003 CZ PrNK
005 20110418131651.0
007 ta
008 101007s2010 xr a f m 000 0 cze
015 |a cnb002130170 
020 |a 978-80-248-2292-1  |q (brož.) :  |c neprodejné 
035 |a (OCoLC)724293412 
040 |a BOA001  |b cze  |d OLA001 
041 0 |a cze  |b eng 
072 7 |a 697  |x Vytápění, větrání, klimatizace  |2 Konspekt  |9 19 
080 |a 697.3/.5  |2 MRF 
080 |a 621.577  |2 MRF 
080 |a (043.3)  |2 MRF 
080 |a (048.3)  |2 MRF 
100 1 |a Tymová, Petra,  |d 1966-  |7 mzk2011629847  |4 dis 
245 1 0 |a Tepelné čerpadlo jako součást ústředního vytápění :  |b autoreferát k disertační práci /  |c Petra Tymová 
250 |a 1. vyd. 
260 |a Ostrava :  |b VŠB - Technická univerzita Ostrava,  |c 2010 
300 |a 41 s. :  |b barev. il. ;  |c 21 cm 
490 1 |a Vědecké publikace Fakulty stavební Vysoké školy báňské - Technické univerzity Ostrava. Doktorské disertační, habilitační a inaugurační spisy,  |x 1213-7456 
500 |a "Studijní program: 3607 Stavební inženýrství, studijní obor: V025 Teorie konstrukcí" 
500 |a Autoreferát disertační práce (Ph.D.)--Vysoká škola báňská - Technická univerzita Ostrava, Fakulta stavební, katedra prostředí staveb a TZB 
500 |a Přehled souvisejících právních předpisů 
500 |a 30 výt. 
504 |a Obsahuje bibliografii 
546 |a Anglické resumé 
650 0 7 |a ústřední vytápění  |7 ph128360  |2 czenas 
650 0 7 |a tepelná čerpadla  |7 ph171346  |2 czenas 
650 0 9 |a central heating  |2 eczenas 
650 0 9 |a heat pumps  |2 eczenas 
655 7 |a disertace  |7 fd132024  |2 czenas 
655 7 |a autoreferáty  |7 fd131857  |2 czenas 
655 9 |a dissertations  |2 eczenas 
655 9 |a autoabstracts  |2 eczenas 
710 2 |a Vysoká škola báňská - Technická univerzita Ostrava.  |b Katedra prostředí staveb a TZB  |7 mzk2010568408 
810 2 |a Vysoká škola báňská - Technická univerzita Ostrava.  |b Stavební fakulta.  |t Vědecké publikace.  |p Doktorské disertační, habilitační a inaugurační spisy  |0 s 
910 2 |a BOA001  |b 2-1264.100 
928 9 |a Vysoká škola báňská - Technická univerzita Ostrava 
990 |a BK 
995 |a 01 
991 |b 201103  |c NOV  |e n 
996 6 |b 2610472531  |c 2-1264.100  |l MZK  |r Sklad / do 1 hodiny  |n 4  |p p.v.  |w 001172126  |u 000010  |a 1  |e BOA001  |j MZK50  |s P